=LDR 00000nam 2200000 4500 =001 INLIS000000000044268 =005 20131008105529 =008 ***********************************ind** =035 ##$$0010-101300000002190 =041 ##$$a ind =082 ##$$a 639.754 6 =090 ##$$a 639.754 6, Kha p =100 ##$$a KHAIRUMAN =245 ##$$a Peluang budidaya casing sutra, pakan bergizi untuk ikan hias, Khairuman, Khairul Amri, Toguan Sihombing =300 ##$$a vi, 76 hlm, ilus, 22 cm =650 ##$$a Casing Sutra - Budidaya =700 ##$$a Amri,m Khaerul =850 ##$$a NBPNMAT